[Event "Cape Town DSK op"]
[Site "Cape Town"]
[Date "2013.07.22"]
[Round "3"]
[White "Emojong, Elijah"]
[Black "Gwaze, Robert"]
[Result "0-1"]
[WhiteElo "2311"]
[BlackElo "2433"]
[PlyCount "77"]
[EventDate "2013.07.20"]
[EventType "swiss"]
[EventRounds "9"]
[EventCountry "RSA"]
[SourceTitle "CBM 155 Extra"]
[Source "ChessBase"]
[SourceDate "2013.08.26"]
[SourceVersion "1"]
[SourceVersionDate "2013.08.26"]
[SourceQuality "1"]

1. e4 d6 2. d4 Nf6 3. Nc3 c6 4. Nge2 Qc7 5. g3 b5 6. a3 e5 7. Bg2 Be7 8. 0-0 0-0 9. h3 a5 10. Be3 Bb7 11. b4 Nbd7 12. f4 Rfe8 13. Qd3 Nb6 14. Bf2 Nc4 15. Rfb1 Bf8 16. d5 a4 17. dxc6 Bxc6 18. Nd5 Bxd5 19. exd5 e4 20. Qd4 Qb7 21. Nc3 e3 22. Be1 Be7 23. Bf1 Rac8 24. Nxa4 e2 25. Bxe2 Bd8 26. Bxc4 Rxc4 27. Qd3 Qa7+ 28. Nc5 dxc5 29. bxc5 Qxc5+ 30. Bf2 Qc8 31. d6 Qc6 32. Re1 Re6 33. d7 Ne4 34. a4 Nxf2 35. Rxe6 fxe6 36. axb5 Qc5 37. Qa3 Nxh3+ 38. Kg2 Rxc2+ 39. Kf3 0-1

[Event "Uige op"]
[Site "Uige"]
[Date "2013.06.29"]
[Round "8"]
[White "Gwaze, Robert"]
[Black "Cawdery, Daniel"]
[Result "0-1"]
[WhiteElo "2433"]
[BlackElo "2345"]
[PlyCount "78"]
[EventDate "2013.06.24"]
[EventType "swiss"]
[EventRounds "9"]
[EventCountry "ANG"]
[SourceTitle "EXT 2014"]
[Source "ChessBase"]
[SourceDate "2013.11.20"]
[SourceVersion "1"]
[SourceVersionDate "2013.11.20"]
[SourceQuality "1"]

1. e4 c5 2. Nf3 Nc6 3. d4 cxd4 4. Nxd4 g6 5. Nc3 Bg7 6. Nde2 Nf6 7. g3 b5 8. Bg2 Rb8 9. 0-0 0-0 10. h3 d6 11. a3 a5 12. Kh2 b4 13. axb4 axb4 14. Nd5 Nd7 15. f4 Nc5 16. f5 Bb7 17. Bg5 Bxb2 18. Rb1 Be5 19. f6 e6 20. Ne7+ Kh8 21. Nf4 Qc7 22. Bh6 Nxe7 23. Bxf8 Rxf8 24. fxe7 Qxe7 25. Rxb4 f5 26. exf5 Bxg2 27. Kxg2 gxf5 28. Qh5 Qg7 29. Rfb1 Bxf4 30. Rxf4 Ne4 31. Qh4 d5 32. Rb6 Rc8 33. c3 Qxc3 34. Rf1 Qd2+ 35. Kh1 Qe3 36. Rc6 Rxc6 37. Qd8+ Kg7 38. Qe7+ Kg6 39. Qe8+ Kf6 0-1

[Event "Olympiad-40"]
[Site "Istanbul"]
[Date "2012.08.28"]
[Round "1.1"]
[White "Vachier Lagrave, Maxime"]
[Black "Gwaze, Robert"]
[Result "1-0"]
[WhiteElo "2686"]
[BlackElo "2454"]
[PlyCount "83"]
[EventDate "2012.08.28"]
[EventType "team-swiss"]
[EventRounds "11"]
[EventCountry "TUR"]
[SourceTitle "CBM 151"]
[Source "ChessBase"]
[SourceDate "2012.11.13"]
[SourceVersion "1"]
[SourceVersionDate "2012.11.13"]
[SourceQuality "1"]
[WhiteTeam "France"]
[BlackTeam "Zimbabwe"]
[WhiteTeamCountry "FRA"]
[BlackTeamCountry "ZIM"]

1. e4 c5 2. Nf3 e6 3. g3 d5 4. exd5 exd5 5. d4 Nf6 6. Bg2 Be7 7. 0-0 0-0 8. Be3 cxd4 9. Nxd4 Nc6 10. Nc3 Bg4 11. Qd3 Qd7 12. Rfe1 Rfe8 13. a3 Rac8 14. Nxc6 bxc6 15. Bd4 Bf5 16. Qd2 h6 17. Rad1 Nh7 18. b4 Ng5 19. f4 Ne6 20. Bf2 d4 21. h3 c5 22. g4 Bh7 23. Nd5 Bf8 24. f5 Ng5 25. c4 Bxf5 26. gxf5 Qxf5 27. Rxe8 Rxe8 28. Qd3 Ne4 29. Qf3 Qd7 30. Re1 f5 31. Qh5 Kh7 32. Bf1 Re6 33. Qxf5+ Rg6+ 34. Qxg6+ Kxg6 35. Rxe4 Qa4 36. Rf4 Qxa3 37. Rxf8 Qc1 38. bxc5 d3 39. Nf4+ Kh7 40. Nxd3 Qxc4 41. Nf4 Qc1 42. c6 1-0

[Event "Pretoria FM-A"]
[Site "Pretoria"]
[Date "2012.04.28"]
[Round "4"]
[White "Hoek, Cornelis"]
[Black "Gwaze, Robert"]
[Result "0-1"]
[WhiteElo "2023"]
[BlackElo "2460"]
[PlyCount "107"]
[EventDate "2012.04.27"]
[EventType "tourn"]
[EventRounds "9"]
[EventCountry "RSA"]
[SourceTitle "CBM 148 Extra"]
[Source "ChessBase"]
[SourceDate "2012.06.22"]
[SourceVersion "1"]
[SourceVersionDate "2012.06.22"]
[SourceQuality "1"]

1. e4 c5 2. Nc3 e6 3. f4 a6 4. Nf3 Qc7 5. d3 b5 6. a3 Bb7 7. g3 d6 8. Bg2 Nd7 9. 0-0 Ngf6 10. Qe2 b4 11. Na4 Be7 12. f5 exf5 13. exf5 0-0 14. axb4 cxb4 15. h3 Rfe8 16. Qf2 Rac8 17. c4 bxc3 18. bxc3 Bc6 19. Bd2 d5 20. Bf4 Qa5 21. Qc2 Bxa4 22. Rxa4 Qxc3 23. Qxc3 Rxc3 24. d4 Nh5 25. Rxa6 Nxf4 26. gxf4 Nf6 27. Re1 Ne4 28. Ng5 Bxg5 29. fxg5 Rc4 30. Bxe4 Rxd4 31. f6 dxe4 32. Kf2 h6 33. gxh6 g6 34. Ra7 Rd6 35. h7+ Kxh7 36. Rxf7+ Kh6 37. Kg3 Rd3+ 38. Kg4 Rd5 39. h4 e3 40. Re7 Rxe7 41. fxe7 Re5 42. h5 g5 43. Kf3 Rxe7 44. Rxe3 Rxe3+ 45. Kxe3 Kxh5 46. Kf3 Kh4 47. Kg2 Kg4 48. Kh2 Kf3 49. Kh3 g4+ 50. Kh2 Kf2 51. Kh1 Kg3 52. Kg1 Kh3 53. Kh1 g3 54. Kg1 0-1

[Event "African Games op 10th"]
[Site "Maputo"]
[Date "2011.09.13"]
[Round "8.1"]
[White "Gwaze, Robert"]
[Black "Ramasindraibe, Girard"]
[Result "1-0"]
[WhiteElo "2436"]
[BlackElo "2030"]
[PlyCount "155"]
[EventDate "2011.09.05"]
[EventType "team-swiss"]
[EventRounds "9"]
[EventCountry "MOZ"]
[SourceTitle "CBM 144 Extra"]
[Source "ChessBase"]
[SourceDate "2011.10.28"]
[SourceVersion "1"]
[SourceVersionDate "2011.10.28"]
[SourceQuality "1"]
[WhiteTeam "Zimbabwe"]
[BlackTeam "Madagascar"]
[WhiteTeamCountry "ZIM"]
[BlackTeamCountry "MAD"]

1. e4 c5 2. Nf3 d6 3. Bb5+ Bd7 4. Bxd7+ Qxd7 5. c4 Nc6 6. d4 cxd4 7. Nxd4 g6 8. Nc3 Bg7 9. Be3 Nxd4 10. Bxd4 Nf6 11. 0-0 0-0 12. b3 Qd8 13. f4 a6 14. a4 Nd7 15. Bxg7 Kxg7 16. f5 Kg8 17. Kh1 Rc8 18. Rb1 Nf6 19. Qd4 Rc5 20. Rf3 Re5 21. Qe3 Qc7 22. Qh6 Qc5 23. Rh3 e6 24. Qg5 Kg7 25. Rf1 exf5 26. Qh6+ Kg8 27. Nd5 Rxd5 28. exd5 Re8 29. Qh4 Kg7 30. Re1 Re4 31. Qh6+ Kg8 32. Qd2 Rd4 33. Qc1 Ne4 34. Rf3 Rd2 35. h3 Qd4 36. Qa1 Kg7 37. Qxd4+ Rxd4 38. a5 Rd2 39. Kg1 Rb2 40. g4 fxg4 41. hxg4 Ng5 42. Rd3 Rc2 43. Rg3 Kf8 44. Ree3 h6 45. Kf1 f5 46. gxf5 gxf5 47. Rg2 Rc1+ 48. Re1 Rc3 49. Rf2 Rxb3 50. Rxf5+ Kg7 51. Re7+ Kg6 52. Rf4 Nh3 53. Rd4 Kf5 54. Rf7+ Kg5 55. Kg2 Kg6 56. Rf8 Ng5 57. Rdf4 Rb2+ 58. Kf1 Ra2 59. R8f6+ Kh5 60. Rxd6 Rxa5 61. Rb6 Ra1+ 62. Ke2 Nh3 63. Rf8 Kg5 64. Rg8+ Kf5 65. Rxh6 Nf4+ 66. Kd2 Ke5 67. Re8+ Kd4 68. Rh4 Ra2+ 69. Ke1 Kxc4 70. d6 Ra1+ 71. Kd2 Ra2+ 72. Kc1 Ra1+ 73. Kb2 Rd1 74. Rxf4+ Kc5 75. Rc8+ Kb6 76. Rd8 Kc6 77. Rc4+ Kb6 78. Rc7 1-0

[Event "African Games op 10th"]
[Site "Maputo"]
[Date "2011.09.10"]
[Round "6.1"]
[White "Gwaze, Robert"]
[Black "Pascoal, Eduardo A"]
[Result "1-0"]
[WhiteElo "2436"]
[BlackElo "2217"]
[PlyCount "79"]
[EventDate "2011.09.05"]
[EventType "team-swiss"]
[EventRounds "9"]
[EventCountry "MOZ"]
[SourceTitle "CBM 144 Extra"]
[Source "ChessBase"]
[SourceDate "2011.10.28"]
[SourceVersion "1"]
[SourceVersionDate "2011.10.28"]
[SourceQuality "1"]
[WhiteTeam "Zimbabwe"]
[BlackTeam "Angola"]
[WhiteTeamCountry "ZIM"]
[BlackTeamCountry "ANG"]

1. e4 e6 2. d4 d5 3. e5 c5 4. c3 Nc6 5. Nf3 Qb6 6. a3 Nh6 7. b4 cxd4 8. cxd4 Nf5 9. Be3 f6 10. exf6 gxf6 11. Bd3 Nxe3 12. fxe3 Bh6 13. Qe2 Bd7 14. Nc3 Ne7 15. Nd2 0-0-0 16. 0-0 e5 17. Nb3 Rdg8 18. Rac1 Kb8 19. Kh1 e4 20. Bb1 Bg5 21. Nc5 Bc8 22. Ba2 Rd8 23. a4 f5 24. Qf2 Qh6 25. Qg3+ f4 26. exf4 Bh4 27. Qe3 Nf5 28. Qd2 e3 29. Qd3 Ng3+ 30. Kg1 Nxf1 31. Qxf1 Bf2+ 32. Kh1 Rd6 33. h3 Qxf4 34. Bxd5 Qxd4 35. Bf3 Rb6 36. Nd5 Rd6 37. Ne7 Re8 38. Nxc8 Rxc8 39. Qb5 Rc7 40. Na6+ 1-0

[Event "Gaborone zt 4.3"]
[Site "Gaborone"]
[Date "2011.04.07"]
[Round "7"]
[White "Gwaze, Robert"]
[Black "Njobvu, Ignatius"]
[Result "1-0"]
[WhiteElo "2429"]
[BlackElo "2226"]
[PlyCount "47"]
[EventDate "2011.04.01"]
[EventType "swiss"]
[EventRounds "9"]
[EventCountry "BOT"]
[SourceTitle "EXT 2015"]
[Source "ChessBase"]
[SourceDate "2014.11.20"]
[SourceVersion "1"]
[SourceVersionDate "2014.11.20"]
[SourceQuality "1"]

1. e4 c6 2. d3 d5 3. Nd2 Nf6 4. e5 Ng4 5. Ndf3 h5 6. h3 Nh6 7. d4 Nf5 8. Bd3 e6 9. Ne2 Be7 10. h4 Nd7 11. g3 Nf8 12. c3 Bd7 13. Kf1 a5 14. Kg2 Ng6 15. Be3 Nxe3+ 16. fxe3 Nf8 17. Nf4 g6 18. Qe2 Rg8 19. Raf1 Rg7 20. Rf2 b5 21. Rhf1 Qb6 22. Nh3 Nh7 23. Ne1 Qd8 24. Rxf7 1-0

[Event "Gaborone zt 4.3"]
[Site "Gaborone"]
[Date "2011.04.03"]
[Round "3"]
[White "Kobese, Watu"]
[Black "Gwaze, Robert"]
[Result "0-1"]
[WhiteElo "2361"]
[BlackElo "2429"]
[PlyCount "134"]
[EventDate "2011.04.01"]
[EventType "swiss"]
[EventRounds "9"]
[EventCountry "BOT"]
[SourceTitle "EXT 2015"]
[Source "ChessBase"]
[SourceDate "2014.11.20"]
[SourceVersion "1"]
[SourceVersionDate "2014.11.20"]
[SourceQuality "1"]

1. e4 c5 2. Nf3 e6 3. d4 cxd4 4. Nxd4 a6 5. Nc3 Qc7 6. f4 b5 7. Bd3 Bc5 8. Nb3 Be7 9. Qg4 Nf6 10. Qxg7 Rg8 11. Qh6 d6 12. Qh3 Bb7 13. a3 Nbd7 14. Rg1 0-0-0 15. Bd2 Ng4 16. Ne2 Qb6 17. Rf1 Rdf8 18. a4 d5 19. axb5 dxe4 20. bxa6 Ba8 21. Bc4 e3 22. Bc3 Qc6 23. Na5 Qxg2 24. Qxg2 Bxg2 25. Rg1 Bh4+ 26. Kd1 Bf3 27. a7 Nxh2 28. Rxg8 Rxg8 29. Kc1 Kc7 30. b4 Ba8 31. Kb2 Nf3 32. Nd4 Nxd4 33. Bxd4 Bf6 34. Nb3 h5 35. Re1 Rg3 36. Re2 h4 37. Rh2 h3 38. b5 Bxd4+ 39. Nxd4 Nb6 40. Be2 Bg2 41. Bh5 Kb7 42. Ne2 Rg7 43. Ng1 Kxa7 44. Be2 Be4 45. Nxh3 Rh7 46. c4 Bf5 47. Kc3 Nd7 48. Kd4 Kb6 49. Kxe3 Rxh3+ 50. Rxh3 Bxh3 51. Kd4 f6 52. Bd3 Nc5 53. Be2 Bf5 54. Bf1 Bg4 55. Bg2 Be2 56. Bh3 Bf3 57. Bf1 Bb7 58. Bh3 Bh1 59. Bf1 Nd7 60. Bh3 e5+ 61. Ke3 Nc5 62. fxe5 fxe5 63. Bf5 Ka5 64. Bg6 Kb4 65. Bf7 Na4 66. Kf2 Nb6 67. Kg3 Nxc4 0-1

[Event "Gaborone op"]
[Site "Gaborone"]
[Date "2010.12.12"]
[Round "5"]
[White "Gwaze, Robert"]
[Black "Khetho, Phemelo"]
[Result "1-0"]
[WhiteElo "2428"]
[BlackElo "2235"]
[PlyCount "65"]
[EventDate "2010.12.10"]
[EventType "swiss"]
[EventRounds "7"]
[EventCountry "BOT"]
[SourceTitle "CBM 140 Extra"]
[Source "ChessBase"]
[SourceDate "2011.03.01"]
[SourceVersion "1"]
[SourceVersionDate "2011.03.01"]
[SourceQuality "1"]

1. e4 c5 2. Nf3 g6 3. d4 cxd4 4. Nxd4 Nc6 5. Nc3 Bg7 6. Nde2 Nf6 7. g3 0-0 8. Bg2 d6 9. 0-0 Bd7 10. h3 Qa5 11. Nf4 Rac8 12. Kh2 Ne5 13. a4 Nc4 14. Ra2 h5 15. Nfd5 Nxd5 16. Nxd5 Rfe8 17. b3 Ne5 18. f4 Nc6 19. f5 Ne5 20. Bg5 f6 21. Bd2 Qc5 22. fxg6 Bg4 23. hxg4 Nxg4+ 24. Kh1 Nf2+ 25. Rxf2 Qxf2 26. Be1 Qc5 27. Qxh5 Qd4 28. c3 Qe5 29. Qh7+ Kf8 30. Rf2 Qg5 31. Bd2 Qxg3 32. Rf3 Qe5 33. Bh6 1-0

[Event "Gaborone op"]
[Site "Gaborone"]
[Date "2010.12.12"]
[Round "6"]
[White "Masango, Spencer"]
[Black "Gwaze, Robert"]
[Result "0-1"]
[WhiteElo "2165"]
[BlackElo "2428"]
[PlyCount "88"]
[EventDate "2010.12.10"]
[EventType "swiss"]
[EventRounds "7"]
[EventCountry "BOT"]
[SourceTitle "CBM 140 Extra"]
[Source "ChessBase"]
[SourceDate "2011.03.01"]
[SourceVersion "1"]
[SourceVersionDate "2011.03.01"]
[SourceQuality "1"]

1. d4 Nf6 2. c4 e6 3. Nf3 b6 4. g3 Bb7 5. Bg2 Bb4+ 6. Bd2 a5 7. 0-0 0-0 8. Bg5 d5 9. Ne5 Be7 10. Nc3 c6 11. Rc1 h6 12. Bxf6 gxf6 13. Ng4 Kg7 14. cxd5 cxd5 15. h3 f5 16. Nh2 Ba6 17. Re1 b5 18. e3 b4 19. Ne2 Nd7 20. Nf4 Kh7 21. g4 fxg4 22. Nxg4 Bg5 23. Qf3 Nf6 24. Rc5 Nxg4 25. hxg4 a4 26. Rec1 Qf6 27. Nh3 Bh4 28. Qxf6 Bxf6 29. Ra5 Be2 30. Rxa8 Rxa8 31. Rc7 Kg8 32. Rb7 Bc4 33. Rxb4 Bxa2 34. e4 Be7 35. Rb7 Bd6 36. exd5 exd5 37. Rb6 Rd8 38. Bf3 Bb3 39. g5 hxg5 40. Bh5 f6 41. Rb7 Rb8 42. Rd7 Rb6 43. f3 Bc4 44. Nf2 Bb4 0-1

[Event "Africa-ch"]
[Site "Windhoek"]
[Date "2007.09.05"]
[Round "5"]
[White "Simutowe, Amon"]
[Black "Gwaze, Robert"]
[Result "0-1"]
[WhiteElo "2421"]
[BlackElo "2413"]
[PlyCount "80"]
[EventDate "2007.09.01"]
[EventType "swiss"]
[EventRounds "9"]
[EventCountry "NAM"]
[SourceTitle "CBM 120 Extra"]
[Source "ChessBase"]
[SourceDate "2007.11.01"]
[SourceVersion "1"]
[SourceVersionDate "2007.11.01"]
[SourceQuality "1"]

1. c4 Nf6 2. Nc3 e5 3. g3 d5 4. cxd5 Nxd5 5. Bg2 Nb6 6. Nf3 Nc6 7. d3 Be7 8. a3 a5 9. Be3 0-0 10. Rc1 Re8 11. 0-0 Bf8 12. Nb5 a4 13. Bxb6 cxb6 14. Nc3 Nd4 15. Nd2 Be6 16. Bxb7 Rb8 17. Bg2 b5 18. e3 Nb3 19. Nxb3 Bxb3 20. Qe2 Rb6 21. Ne4 b4 22. axb4 Rxb4 23. Nd2 Be6 24. Nc4 Qb8 25. Rc2 e4 26. Rfc1 exd3 27. Qxd3 Rd8 28. Qf1 Qb5 29. Bf3 Qf5 30. Bc6 Qf6 31. Nd2 Bf5 32. e4 Rxb2 33. e5 Bxc2 34. exf6 Rxd2 35. Qe1 Bg6 36. Qe8 gxf6 37. Bxa4 Rxf2 38. Rc8 Rg2+ 39. Kh1 Rxh2+ 40. Kg1 Rbg2+ 0-1

[Event "BCF-chT2 0405 (4NCL)"]
[Site "West Bromwich"]
[Date "2005.05.02"]
[Round "11.2"]
[White "Gwaze, Robert"]
[Black "Radovanovic, Jovica"]
[Result "1/2-1/2"]
[WhiteElo "2409"]
[BlackElo "2340"]
[PlyCount "35"]
[EventDate "2004.09.18"]
[EventType "team"]
[EventRounds "11"]
[EventCountry "ENG"]
[SourceTitle "EXT 2006"]
[Source "ChessBase"]
[SourceDate "2005.11.24"]
[SourceVersion "1"]
[SourceVersionDate "2005.11.24"]
[SourceQuality "1"]
[WhiteTeam "Slough Sharks"]
[BlackTeam "Mindsports"]
[WhiteTeamCountry "ENG"]
[BlackTeamCountry "ENG"]

1. e4 e5 2. Nf3 Nc6 3. Bb5 Nf6 4. d3 Bc5 5. 0-0 Qe7 6. c3 Bb6 7. d4 0-0 8. Bxc6 bxc6 9. Nxe5 d6 10. Nxc6 Qxe4 11. Nb4 Re8 12. Nd2 Qg6 13. Nf3 Bb7 14. Bf4 c5 15. Nd3 Ba6 16. Nfe1 cxd4 17. cxd4 Bxd4 18. Qa4 1/2-1/2

[Event "Champions Challenge 91st"]
[Site "Playchess.com INT"]
[Date "2005.04.23"]
[Round "4.2"]
[White "Brener, Ilja"]
[Black "Gwaze, Robert"]
[Result "1-0"]
[WhiteElo "2318"]
[BlackElo "2402"]
[PlyCount "115"]
[EventDate "2005.04.23"]
[EventType "k.o. (blitz)"]
[EventRounds "5"]
[EventCountry "GER"]
[SourceTitle "EXT 2007"]
[Source "ChessBase"]
[SourceDate "2006.11.23"]
[SourceVersion "1"]
[SourceVersionDate "2006.11.23"]
[SourceQuality "1"]

1. Nf3 Nf6 2. g3 g6 3. Bg2 Bg7 4. 0-0 0-0 5. d4 d6 6. a4 Nc6 7. a5 a6 8. Nc3 Bg4 9. h3 Bxf3 10. Bxf3 e5 11. dxe5 dxe5 12. Bxc6 bxc6 13. e4 Qc8 14. Kg2 Rb8 15. b3 Rd8 16. Qe2 Bf8 17. Be3 Bb4 18. Na4 Nxe4 19. Qf3 f5 20. c3 Bxa5 21. b4 Bb6 22. Rfd1 Rxd1 23. Rxd1 Qe6 24. g4 a5 25. gxf5 gxf5 26. Kh2 Bxe3 27. Qxe3 axb4 28. cxb4 Kh8 29. Nc5 Nxc5 30. Qxc5 Re8 31. Rc1 Kg7 32. Qxc6 Qxc6 33. Rxc6 Re7 34. Kg3 Kf7 35. b5 Ke8 36. Kh4 f4 37. Kg5 Kd7 38. Kf5 f3 39. Ke4 Rg7 40. Kxf3 Rf7+ 41. Ke3 h5 42. Rh6 Rf5 43. f3 Kc8 44. Rh7 Kb7 45. Rh6 Ka7 46. Ke4 Rf4+ 47. Kxe5 Rxf3 48. Rxh5 Kb6 49. Ke4 Rf1 50. h4 Re1+ 51. Kf3 Rg1 52. Re5 Rh1 53. Kg4 Rg1+ 54. Kf5 Rf1+ 55. Kg6 Rb1 56. h5 Rg1+ 57. Rg5 Rh1 58. h6 1-0

[Event "Coventry op"]
[Site "Coventry"]
[Date "2005.03.27"]
[Round "7"]
[White "Martyn, Rafe"]
[Black "Gwaze, Robert"]
[Result "1-0"]
[WhiteElo "2281"]
[BlackElo "2402"]
[PlyCount "55"]
[EventDate "2005.03.24"]
[EventType "swiss"]
[EventRounds "9"]
[EventCountry "ENG"]
[SourceTitle "CBM 105 Extra"]
[Source "ChessBase"]
[SourceDate "2005.05.01"]
[SourceVersion "1"]
[SourceVersionDate "2005.05.01"]
[SourceQuality "1"]

1. d4 d6 2. Nf3 Bg4 3. c4 Nd7 4. e4 e5 5. d5 Ngf6 6. Nc3 Be7 7. h3 Bxf3 8. Qxf3 0-0 9. h4 c6 10. g3 a6 11. Bh3 cxd5 12. cxd5 b5 13. Qe2 Ne8 14. 0-0 g6 15. Bh6 Ng7 16. Rfc1 Re8 17. b4 Bf8 18. Qd3 Rb8 19. a4 f5 20. axb5 axb5 21. Ra7 Nf6 22. exf5 Nxf5 23. Bxf8 e4 24. Nxe4 Rxe4 25. Bxf5 gxf5 26. Bg7 Qb6 27. Rcc7 Rc4 28. Qxc4 1-0

[Event "BCF-chT2 0405 (4NCL)"]
[Site "West Bromwich"]
[Date "2005.01.23"]
[Round "6.3"]
[White "Rogers, Jonathan"]
[Black "Gwaze, Robert"]
[Result "0-1"]
[WhiteElo "2340"]
[BlackElo "2409"]
[PlyCount "170"]
[EventDate "2004.09.18"]
[EventType "team"]
[EventRounds "11"]
[EventCountry "ENG"]
[SourceTitle "EXT 2006"]
[Source "ChessBase"]
[SourceDate "2005.11.24"]
[SourceVersion "1"]
[SourceVersionDate "2005.11.24"]
[SourceQuality "1"]
[WhiteTeam "Barbican II"]
[BlackTeam "Slough Sharks"]
[WhiteTeamCountry "ENG"]
[BlackTeamCountry "ENG"]

1. e4 c5 2. Nf3 e6 3. c3 Nf6 4. e5 Nd5 5. Bc4 Nb6 6. Bb3 c4 7. Bc2 Nc6 8. d4 cxd3 9. Qxd3 d6 10. Qe4 Nd7 11. exd6 Nf6 12. Qe2 Bxd6 13. Nbd2 0-0 14. 0-0 Bf4 15. b4 Nd5 16. Bb2 Bh6 17. Rad1 a6 18. Nb3 Qc7 19. a3 Nf4 20. Qe4 f5 21. Qc4 b5 22. Qc5 Bb7 23. Rfe1 Rac8 24. Bb1 Qf7 25. Nbd2 Qg6 26. g3 Nd8 27. Qe7 Nd5 28. Qh4 Nxc3 29. Bxc3 Rxc3 30. Ne5 Qe8 31. Nf1 Bd5 32. g4 fxg4 33. Ne3 Bb3 34. Rd4 Nf7 35. Nxf7 Qxf7 36. Nxg4 Kh8 37. Rd8 Rc8 38. Rxc8 Rxc8 39. Nxh6 gxh6 40. Qd4+ Qg7+ 41. Qxg7+ Kxg7 42. Be4 Rc7 43. Re3 Ba2 44. Kg2 Kf6 45. Kf3 Bd5 46. Kf4 h5 47. Rf3 Rc4 48. Ke3+ Ke5 49. Bxd5 exd5 50. Kd3 Rd4+ 51. Ke3 Rh4 52. h3 Re4+ 53. Kd3 Rf4 54. Re3+ Kd6 55. Re8 Rxf2 56. Rd8+ Ke6 57. Re8+ Kf7 58. Ra8 Rf3+ 59. Kd4 Rxa3 60. h4 Ke6 61. Re8+ Kf5 62. Kxd5 Rd3+ 63. Kc5 Rc3+ 64. Kb6 Rc4 65. Ka5 Rxh4 66. Ra8 Rh1 67. Rf8+ Kg5 68. Kxa6 h4 69. Rd8 h3 70. Rd5+ Kg4 71. Rd4+ Kg3 72. Rd3+ Kg2 73. Rd2+ Kf3 74. Rd3+ Ke4 75. Rd7 Ra1+ 76. Kxb5 h2 77. Rxh7 h1Q 78. Rxh1 Rxh1 79. Kc5 Rc1+ 80. Kd6 Rb1 81. Kc5 Ke5 82. b5 Rc1+ 83. Kb6 Kd6 84. Ka7 Ra1+ 85. Kb6 Rb1 0-1